000
00336 a2200157 4500
001
146499
020
_a
9788532276278
040
_c
Escola São Tomás de Aquino
100
_a
ALENCAR, José de
240
1
0
_a
Iracema
_l
por
245
1
0
_a
Iracema
300
_a
136
362
0
_a
2011
697
_a
LITERATURA BRASILEIRA
942
_c
BK
999
_c
146499
_d
146499